Australian National Basketball League Champions - Statistics

General Stats
  • This quiz has been taken 102 times
    3 since last reset
  • The average score is 38 of 47
Answer Stats
Hint Answer % Correct
2002 Adelaide 36ers
100%
1999 Adelaide 36ers
100%
1998 Adelaide 36ers
100%
1986 Adelaide 36ers
100%
2007 Brisbane Bullets
100%
1987 Brisbane Bullets
100%
1985 Brisbane Bullets
100%
1988 Canberra Cannons
100%
1984 Canberra Cannons
100%
1983 Canberra Cannons
100%
2008 Melbourne Tigers
100%
2006 Melbourne Tigers
100%
1997 Melbourne Tigers
100%
1993 Melbourne Tigers
100%
2016 Perth Wildcats
100%
2014 Perth Wildcats
100%
2010 Perth Wildcats
100%
2000 Perth Wildcats
100%
1995 Perth Wildcats
100%
1991 Perth Wildcats
100%
1990 Perth Wildcats
100%
2005 Sydney Kings
100%
2004 Sydney Kings
100%
2003 Sydney Kings
100%
2001 Wollongong Hawks
100%
2025 Illawarra Hawks
67%
2018 Melbourne United
67%
1994 North Melbourne Giants
67%
1989 North Melbourne Giants
67%
2015 NZ Breakers
67%
2013 NZ Breakers
67%
2012 NZ Breakers
67%
2011 NZ Breakers
67%
2020 Perth Wildcats
67%
2019 Perth Wildcats
67%
2017 Perth Wildcats
67%
2009 South Dragons
67%
1996 South East Melbourne Magic
67%
1992 South East Melbourne Magic
67%
2023 Sydney Kings
67%
2022 Sydney Kings
67%
2024 Tasmania JackJumpers
67%
1981 Launceston Casino City
33%
1980 St Kilda Saints
33%
1979 St Kilda Saints
33%
1982 West Adelaide Bearcats
33%
2021 Melbourne United
0%
No matching quizzes found
Score Distribution
Percent of People with Each Score
Percentile by Number Answered
Your Score History
You have not taken this quiz since the last reset